Howard Stern Staffers Quiz Stats

 Plays Quiz Updated Feb 20, 2020

Support Sporcle.
Go Orange.
Score 0/32 Timer 06:00
0 Plays Today
Position Cast Member % Correct
HostHoward Stern
98%
Co-HostRobin Quivers
87.9%
SidekickArtie Lange
75.5%
Executive ProducerGary Dell'Abate
73%
Sound FXFred Norris
72%
H100 News AnchorRalph Howard
70.9%
WriterBenjy Bronk
66.7%
H100 News ReporterLisa G
63.6%
Driver/SecurityRonnie Mund
61.3%
StylistRalph Cirella
57.9%
EngineerScott Salem
57.2%
Host, The Wrap Up ShowJon Hein
51.5%
WriterRichard Christy
50.8%
WriterSal Governale
50.7%
H100 News ReporterSteve Langford
49.7%
Media ProducerJD Harmeyer
46.1%
Position Cast Member % Correct
ProducerWill Murray
45.9%
ProducerJason Kaplan
45.8%
Howard TV DirectorScott DePace
44.8%
AnnouncerGeorge Takei
44.5%
H100 News ReporterShuli Egar
43.8%
Host, The Intern Show/former internSteve Brandano
35.3%
Howard TV Executive ProducerDoug Z. Goodstein
28.4%
Howard TV ProducerMike Gange
26.4%
Program DirectorTim Sabean
22%
H100 News Editor/ProducerMike Morales
22%
Office ManagerTracey Millman
15.1%
Location ReporterSteve Grillo
11.8%
H100 News DirectorBrad Driver
10.2%
Howard TV CameramanBrian Phelan
8.5%
Howard TV Producer Richie Wilson
7.9%
Howard TV Producer Greg Karmel
4.1%

From the Vault

'B' Logos

by Quizmaster91

Anyone who makes these logos out of bacon is a marketing genius.
Remove Ads.
Support Sporcle.
Get the best of Sporcle when you Go Orange. This ad-free experience offers more features, more stats, and more fun while also helping to support Sporcle. Thank you for becoming a member.

Show Comments

Extras

Top Quizzes Today


Score Distribution

Your Account Isn't Verified!

In order to create a playlist on Sporcle, you need to verify the email address you used during registration. Go to your Sporcle Settings to finish the process.

Report this User

Report this user for behavior that violates our Community Guidelines.

Details: